01291nam a2200313Ia 4500001001200000003000800012006001900020007001500039008004100054020001600095020002000111040002100131035002100152043001200173050002400185245016200209260006800371300003200439504004100471533015200512650003200664650003300696651003800729655002900767700002200796700001600818710001700834856012600851ebr10409524CaPaEBRm u cr cn|||||||||111018s2006 ua ab fsb 000 0 eng d z9774249283  z9789774249280  aCaPaEBRcCaPaEBR a(OCoLC)767809928 af-ua---14aDT146b.C35 2006eb 00aCairo cosmopolitanh[electronic resource] :bpolitics, culture, and urban space in the new globalized Middle East /cedited by Diane Singerman and Paul Amar. aCairo ;aNew York :bAmerican University in Cairo Press,c2006. axvii, 542 p. :bill., maps. aIncludes bibliographical references. aElectronic reproduction.bPalo Alto, Calif. :cebrary,d2013.nAvailable via World Wide Web.nAccess may be limited to ebrary affiliated libraries. 0aUrban policyzEgyptzCairo. 0aSocial changezEgyptzCairo. 0aCairo (Egypt)xSocial conditions. 7aElectronic books.2local1 aSingerman, Diane.1 aAmar, Paul.2 aebrary, Inc.40uhttp://site.ebrary.com/lib/rucke/Doc?id=10409524zAn electronic book accessible through the World Wide Web; click to view